书目信息 |
| 题名: |
新爱因斯坦语录
|
|
| 作者: | 卡拉普赖斯 编 ;范岱年 译 | |
| 分册: | ||
| 出版信息: | 上海 上海科技教育出版社 2017 |
|
| 页数: | 26,386页 | |
| 开本: | 23cm | |
| 丛书名: | ||
| 单 册: | ||
| 中图分类: | K837.126.11=532 , K837.126 | |
| 科图分类: | ||
| 主题词: | 物理学家--语录--美国--现代 | |
| 电子资源: | ||
| ISBN: | 978-7-5428-5863-4 | |
| 000 | 01151nam0 2200277 450 | |
| 001 | 7062 | |
| 005 | 20180604175532.47 | |
| 010 | @a978-7-5428-5863-4@dCNY63.00 | |
| 100 | @a20170802d2017 em y0chiy50 ea | |
| 101 | 1 | @achi@ceng |
| 102 | @aCN@b310000 | |
| 105 | @aa z 001yy | |
| 200 | 1 | @a新爱因斯坦语录@9xin ai yin si tan yu lu@f(美)艾丽斯·卡拉普赖斯编@g范岱年译 |
| 210 | @a上海@c上海科技教育出版社@d2017 | |
| 215 | @a26,386页@c图,照片@d23cm | |
| 300 | @a爱因斯坦书系 | |
| 314 | @a艾丽斯·卡拉普赖斯 (Alice Calaprice),自由编辑兼作家,编著有《爱因斯坦年谱》和《亲爱的爱因斯坦教授》,曾荣获Literary Market Place授予的学术出版物个人编辑成就奖。 | |
| 330 | @a本书内容包括:爱因斯坦论自己、论自己的家庭、论美国和美国人、论老年、论死亡、论教育和学术自由、论朋友、科学家和其他人、论德国人和德国等。 | |
| 600 | 0 | @a爱因斯坦@c(Einstein, Albert@f1879-1955)@x语录 |
| 606 | 0 | @a物理学家@x语录@y美国@z现代 |
| 690 | @aK837.126.11=532@v5 | |
| 690 | @aK837.126@v4 | |
| 701 | 0 | @c(美)@a卡拉普赖斯@9ka la pu lai si@c(Calaprice, Alice)@4编 |
| 702 | 0 | @a范岱年@9fan dai nian@4译 |
| 801 | 0 | @aCN@b91MARC@c20170802 |
| 905 | @aMuseLib@dK837.126@e948 | |
| 新爱因斯坦语录/(美)艾丽斯·卡拉普赖斯编/范岱年译.-上海:上海科技教育出版社,2017 |
| 26,386页:图,照片;23cm |
| 爱因斯坦书系 |
| ISBN 978-7-5428-5863-4:CNY63.00 |
| 本书内容包括:爱因斯坦论自己、论自己的家庭、论美国和美国人、论老年、论死亡、论教育和学术自由、论朋友、科学家和其他人、论德国人和德国等。 |
| ● |
| 相关链接 |
|
|
|
|
正题名:新爱因斯坦语录
索取号:K837.126/948
 
预约/预借
| 序号 | 登录号 | 条形码 | 馆藏地/架位号 | 状态 | 备注 |
| 1 | 1116313 | 211163131 | 第二样本阅览室/ [索取号:K837.126/948] | 在馆 | |
| 2 | 1116314 | 211163140 | 教育系资料室/ [索取号:K837.126/948] | 在馆 | |
| 3 | 1116315 | 211163159 | 教育系资料室/ [索取号:K837.126/948] | 在馆 | |
| 4 | 1116316 | 211163168 | 第二借阅区/ [索取号:K837.126/948] | 在馆 |